00568cam a2200193 a 450000100100000000500170001000800410002702000150006804000250008308200170010810000270012524500480015226000440020030000280024449000180027250400280029065000190031865100370033700000150920200929145613.0730220s1964 nyua b 000 0 eng d a0385032404 aDO-SdBNPbspacBNPHU a915.2bS642j1 aSmith, Bradley,d1910-10aJapan :ba history in art /cBradley Smith. aNew York :bDoubleday & Company,c1964. a295 p. :bil. ;c33 cm.0 aA Gemini book aBibliografía: p. 295. 0aArt, japanese. 0aJapanxHistoryxPictorial Works.